000 00703nam a2200217 a 4500
001 4128
005 20140414131932.0
008 090209s19uu xx 00 eng d
020 _a1-56065-731-6
050 _aREF 371.1
_bD37 1998
100 _aDeedrick, Tami
245 _aTeachers /
_cby Tami Deedrick.
260 _aMankato, Minnesota :
_bCapstone Press,
_cc1998.
300 _a24 p. : col., ill. cm.
440 _aCommunity helpers
500 _aIncludes bibliographical references and index.
520 _aExplains the tools, schooling, and work of teachers.
650 _aTeachers
_xJuvenile literature.
650 _aTeaching
_xVocational guidance
_xJuvenile literature.
999 _c112285
_d112285